Online
Catalog

Poesía / (Record no. 39633)

MARC details
000 -CABECERA
campo de control de longitud fija 00582nam a2200181 a 4500
001 - NÚMERO DE CONTROL
campo de control 000040143
005 - FECHA Y HORA DE LA ÚLTIMA TRANSACCIÓN
campo de control 20201002033938.0
008 - DATOS DE LONGITUD FIJA--INFORMACIÓN GENERAL
campo de control de longitud fija 130808s1979 cu 000 0 spa d
040 ## - FUENTE DE LA CATALOGACIÓN
Centro catalogador/agencia de origen DO-SdBNP
Lengua de catalogación spa
Centro/agencia transcriptor BNPHU
082 ## - NÚMERO DE LA CLASIFICACIÓN DECIMAL DEWEY
Número de clasificación xxx
100 1# - ENTRADA PRINCIPAL--NOMBRE DE PERSONA
Nombre de persona Cardenal, Ernesto,
Fechas asociadas al nombre 1925-
9 (RLIN) 8090
245 10 - MENCIÓN DE TÍTULO
Título Poesía /
Mención de responsabilidad, etc. Ernesto Cardenal ; selección y prólogo Cintio Vitier.
260 ## - PUBLICACIÓN, DISTRIBUCIÓN, ETC.
Lugar de publicación, distribución, etc. El Vedado, Cuba :
Nombre del editor, distribuidor, etc. Casa de las Américas,
Fecha de publicación, distribución, etc. 1979.
300 ## - DESCRIPCIÓN FÍSICA
Extensión 360 p. ;
Dimensiones 19 cm.
490 1# - MENCIÓN DE SERIE
Mención de serie Literatura latinoamericana
700 1# - PUNTO DE ACCESO ADICIONAL--NOMBRE DE PERSONA
Nombre de persona Vitier, Cintio,
Término indicativo de función/relación pról.
9 (RLIN) 7347
830 #0 - PUNTO DE ACCESO ADICIONAL DE SERIE-TÍTULO UNIFORME
Título uniforme Literatura latinoamericana
9 (RLIN) 500
Holdings
Estado de retiro Estado de pérdida Restricciones de uso No para préstamo Código de colección Localización permanente Ubicación/localización actual Ubicación en estantería Fecha de adquisición Número de inventario Total de préstamos Signatura topográfica completa Código de barras Fecha visto por última vez Precio válido a partir de Tipo de ítem Koha
        Monografías: Libros y Folletos General General Orden iniciada 08.08.2013 LF1   xxx 40143-10 25.06.2020 25.06.2020 No se presta

Powered by Koha